Matematické modelování agrární politiky ČR v období před a po vstupu do EU
Zmeny v českom poľnohospodárstve v období 1989-2002 ako výsledok liberalizácie národnej ekonomiky ČR a vývoja agrárnej politiky v tomto období. Matematické modelovanie, simulácia.
Salvato in:
| Autore principale: | |
|---|---|
| Altri autori: | |
| Natura: | Capitolo di libro |
| Lingua: | ceco |
| Soggetti: | |
| Tags: |
Nessun Tag, puoi essere il primo ad aggiungerne!!
|
MARC
| LEADER | 00000naa$a2200000$$$4500 | ||
|---|---|---|---|
| 001 | 0012566 | ||
| 005 | 20231018084644.4 | ||
| 041 | 0 | |a cze | |
| 044 | |a SK | ||
| 245 | 1 | 0 | |a Matematické modelování agrární politiky ČR v období před a po vstupu do EU |c aut. Ivan Foltýn, Ida Zedníčková |
| 520 | |a Zmeny v českom poľnohospodárstve v období 1989-2002 ako výsledok liberalizácie národnej ekonomiky ČR a vývoja agrárnej politiky v tomto období. Matematické modelovanie, simulácia. | ||
| 610 | 2 | 0 | |a politika poľnohospodárska |
| 610 | 2 | 0 | |a Česko |
| 610 | 2 | 0 | |a modelovanie matematické |
| 610 | 2 | 0 | |a simulácia |
| 610 | 2 | 0 | |a Európska únia |
| 610 | 2 | 0 | |a 1989-2002 |
| 100 | 1 | |a Foltýn, Ivan | |
| 700 | 1 | |a Zedníčková, Ida | |